000 00316 a2200157 4500
001 178796
020 _a
040 _cMagnum
100 _aNoronha, Teresa
240 1 0 _aDiga xis
_lpor
245 1 0 _aDiga xis
362 0 _a1899
440 1 _aScipione
697 _aMAGNITO: IJ/SOCIEDADE COTIDIAN
942 _cBK
999 _c178796
_d178796